Land tax reform in Russia (Record no. 67426)

MARC details
000 -LEADER
fixed length control field 01201cam a2200253 4500
001 - CONTROL NUMBER
control field X113217
008 - FIXED-LENGTH DATA ELEMENTS--GENERAL INFORMATION
fixed length control field 000000n2001 000 0 eng u
035 ## - SYSTEM CONTROL NUMBER
System control number (Sirsi) u113217
100 ## - MAIN ENTRY--PERSONAL NAME
Personal name Malaquin, P.
245 ## - TITLE STATEMENT
Title Land tax reform in Russia
260 ## - PUBLICATION, DISTRIBUTION, ETC.
Date of publication, distribution, etc. 2001
490 ## - SERIES STATEMENT
Series statement RICS European Alert
Volume/sequential designation May 2001, 8(1)
520 ## - SUMMARY, ETC.
Summary, etc. An article by the Honorary Secretary of RICS France on a study carried out under the EU's TACIS programme on improving Russia's land reform programme. The report has proposed the creation of a federal cadastral body to replace the three different land registries and that the development of planning briefs, which ceased on the fall of communism, should continue. A review of cadastral values of both rural and urban plots across the Russian Federation will be completed by the end of 2001 and will allow new land tax rates of between 0.5% and 2% to be introduced according to region.
650 ## - SUBJECT ADDED ENTRY--TOPICAL TERM
Topical term or geographic name entry element CADASTRAL REFORM
650 ## - SUBJECT ADDED ENTRY--TOPICAL TERM
Topical term or geographic name entry element CADASTRAL SURVEYS
650 ## - SUBJECT ADDED ENTRY--TOPICAL TERM
Topical term or geographic name entry element LAND REFORM
650 ## - SUBJECT ADDED ENTRY--TOPICAL TERM
Topical term or geographic name entry element LAND TAX
650 ## - SUBJECT ADDED ENTRY--TOPICAL TERM
Topical term or geographic name entry element PROPERTY TAXES
650 ## - SUBJECT ADDED ENTRY--TOPICAL TERM
Topical term or geographic name entry element RUSSIA
650 ## - SUBJECT ADDED ENTRY--TOPICAL TERM
Topical term or geographic name entry element RUSSIAN FEDERATION
650 ## - SUBJECT ADDED ENTRY--TOPICAL TERM
Topical term or geographic name entry element TAX SYSTEM
690 ## - LOCAL SUBJECT ADDED ENTRY--TOPICAL TERM (OCLC, RLIN)
Topical term or geographic name as entry element RATING AND LOCAL TAXATION
942 ## - ADDED ENTRY ELEMENTS (KOHA)
Suppress in OPAC 0
Holdings
Withdrawn status Lost status Source of classification or shelving scheme Damaged status Not for loan Home library Current library Shelving location Date acquired Total Checkouts Full call number Barcode Date last seen Copy number Price effective from Koha item type
    Dewey Decimal Classification     London London Journal article 21/06/2001   X113217 113217-1001 06/08/2019 1 06/08/2019 Journal article